| 000 | 01044nam a2200313 i 4500 | ||
|---|---|---|---|
| 001 | 000034780 | ||
| 003 | DO-SdBNP | ||
| 005 | 20250430155052.0 | ||
| 007 | ta | ||
| 008 | 111019s1985 dr 000 0 spa d | ||
| 040 |
_aDO-SdBNP _bspa _cBNPHU _erda |
||
| 082 | 4 |
_a266.023 _bT173j, 1985 _222 |
|
| 100 | 1 |
_aTardif, Emiliano, _d1928-1999 _935030 _4aut. _eautor |
|
| 245 | 1 | 0 |
_aJesús está vivo / _cEmiliano Tardif, José H. Prado Flores. |
| 250 | _aCuarta edición | ||
| 264 | 1 |
_aSanto Domingo : _bAmigo del Hogar, _c1985. |
|
| 300 |
_a158 páginas _c21 cm. |
||
| 336 |
_2rdacontent _atexto _btxt |
||
| 337 |
_2rdamedia _asin mediación _bn |
||
| 338 |
_2rdacarrier _avolumen _bnc |
||
| 590 | _aPerteneció a la biblioteca personal de Juan Isidro Jimenes Grullón. | ||
| 590 | _aInventariado, 2018/ YL | ||
| 650 | 4 |
_aEvangelización _9476 |
|
| 650 | 4 |
_aMisiones _xIglesia católica _935031 |
|
| 650 | 0 |
_aVida cristiana _9668 |
|
| 700 | 1 |
_aPrado Flores, José H. _910971 _eAutor |
|
| 910 | _aValidado. Control de calidad | ||
| 942 |
_2ddc _cLBS1 |
||
| 999 |
_c34271 _d34271 |
||